000 01213nam a2200337 a 4500
001 000111846
003 CHAP
005 20220329144232.0
008 150923s2015 mx a fsm |||||||spa d
010 _a108307
011 _a109279
040 _cCHAP
090 _aTesis
100 1 _aMartínez Vilchis, Israel
_9129831
245 1 0 _aEstudio de impacto ambiental generado por la construcción de un Desarrollo habitacional en Queretaro /
_h[En línea]
_cpor Israel Martínez Vilchis.
260 _aChapingo, Méx. :
_bEl autor,
_c2015.
500 _aPara ver el contenido del material haga clic en la liga
502 _aTesis (Ing. Forestal) -- UACH. División de Ciencias Forestales
590 _aE11695DGD
_b10
_c20150925
_lUCH01
_h0854
590 _aE5995AHE
_b05
_c20150923
_lUCH01
_h1032
590 _aE5995AHE
_b05
_c20150923
_lUCH01
_h1032
590 _aE5995AHE
_b05
_c20150923
_lUCH01
_h1152
650 1 4 _aEcología agrícola.
_935165
650 1 4 _aEcología urbana.
_935187
650 1 4 _aImpacto ambiental.
_957465
650 1 4 _aMedio ambiente
_xProtección.
_974106
856 _aFinding aid
_uhttp://10.13.5.2/tesis/sist111846.pdf
_zTeclea aquí
901 _aBK
942 _cTESIS
942 _n0
999 _c108307
_d108307